| 000 | 00509nab a2200145Ia 4500 | ||
|---|---|---|---|
| 003 | ES-SlBCS | ||
| 005 | 20210601124320.0 | ||
| 008 | 140529s1990 xxu||||| |||| 00| 0 eng d | ||
| 041 | _aeng | ||
| 100 | 1 |
_aMcaninch, Stuart A. _9139637 |
|
| 245 | 0 | 4 |
_aThe Educational Theory of Mary Sheldon Barnes: Inquiry Learning as Indoctrination in History Education _c Stuart A. Mcaninch |
| 600 | 1 | 4 |
_aBarnes, Mary Sheldom _9139638 |
| 773 | 0 |
_tEducational Theory _gvol. 40, nº. 1, 1990, págs. 45-52 _wRev1399 |
|
| 942 | _cAR | ||
| 999 |
_c512818 _d512818 |
||